Environmental risk analysis
Đã lưu trong:
| 主要作者: | |
|---|---|
| 格式: | 圖書 |
| 語言: | Undetermined |
| 出版: |
New York, NY
McGraw-Hill
2001
|
| 主題: | |
| 標簽: |
添加標簽
沒有標簽, 成為第一個標記此記錄!
|
| Thư viện lưu trữ: | Trung tâm Học liệu Trường Đại học Cần Thơ |
|---|
| LEADER | 00522nam a2200193Ia 4500 | ||
|---|---|---|---|
| 001 | CTU_65511 | ||
| 008 | 210402s9999 xx 000 0 und d | ||
| 020 | |c 72.35 | ||
| 082 | |a 333.714 | ||
| 082 | |b L614 | ||
| 100 | |a Lanerche, Ian | ||
| 245 | 0 | |a Environmental risk analysis | |
| 245 | 0 | |c Lan Lerche, Evan K. Paleologos | |
| 260 | |a New York, NY | ||
| 260 | |b McGraw-Hill | ||
| 260 | |c 2001 | ||
| 650 | |a Environmental risk assessment | ||
| 904 | |i TUYẾN | ||
| 980 | |a Trung tâm Học liệu Trường Đại học Cần Thơ | ||